| 000 | 00371nam a2200145Ia 4500 | ||
|---|---|---|---|
| 008 | 210716s1990 xx 000 0 und d | ||
| 041 | _aeng | ||
| 082 | _a005.45 DAVP | ||
| 100 | _aDavies, P J;Backhurst, N G. | ||
| 245 | _aExploiting MS-DOS. | ||
| 250 | _a2 | ||
| 260 |
_aEngland _bGalgotia Publication Pvt Ltd _c1990 |
||
| 300 | _aix,224 | ||
| 650 | _aMS DOS(005.3682) | ||
| 999 |
_c181297 _d181297 |
||